00326nam a2200121Ia 4500008004100000041000800041082001700049100001900066245004500085260003400130300003200164365000800196240624s9999 xx 000 0 und d aeng a658.3124 RAI aRAINBIRD HELEN aTRAINING IN THE WORKPLACE MANAGEMENT WOR c2007aLondonbMacmillan Press axiii, : 293 : p. : cm. ; 23 cBPS